000 00918nas a2200289 4500
001 BR2014006882
003 BR-BrBNA
005 20231205124939.0
007 ta
008 230509b bl.|||p| |||| 00| 00por d
040 _aBR-BrBNA
_bpor
_cBiblioteca Nacional de Agricultura
041 _a(Pt)
072 _aF04; P33; Q70
100 1 _aCosta, V.L.
100 1 _aMaria, I.C. de
100 1 _aCamargo, O.A.
100 1 _aGrego, C.R.
100 1 _aMelo, L.C.A.
245 1 _aDistribuição espacial de fósforo em Latossolo tratado com lodo de esgoto e adubação mineral
650 _aLODO RESIDUAL
650 _aRESÍDUO ORGÂNICO
650 _aEROSÃO DO SOLO
650 _aFERTILIZANTE
773 0 _tRevista Brasileira de Engenharia Agrícola e Ambiental (Brasil)
_xISSN 1415-4366
_g(Mar 2014), v. 18(3) p. 287-293
_wBR2014006882
909 _a202311
_bLúcia
_c55
_dLúcia Elande
942 _2AGRIS
_n0
_cANA
999 _c241779
_d241779